000 01050pam a2200313 a 4500
005 20260322212033.0
008 data
010 _a 85032308
020 _a0531101347 (lib. bdg.)
020 _a9780531101346 (lib. bdg.)
040 _aDLC
_cDLC
_dDLC
042 _alcac
050 0 0 _aNC890
_b.B64 1986
082 0 0 _a741.2/4
_219
092 _a741.2 B64 1986
100 1 _aBolognese, Don.
245 1 0 _aPencil /
_cDon Bolognese & Elaine Raphael.
260 _aNew York :
_bF. Watts,
_c1986.
300 _a64 p. :
_bill. ;
_c26 cm.
490 1 _aThe Illustrator's library
500 _a"GG13"--Cover.
520 _aOffers instructions in drawing with pencil explaining such techniques as shading, line, and tone. Also discusses various types of papers, pencils, and erasers that may be use.
650 0 _aPencil drawing
_xJuvenile literature.
_xJuvenile literature.
650 1 _aPencil drawing
_xTechnique.
650 1 _aDrawing
_xTechnique.
700 1 _aRaphael, Elaine.
800 1 _aBolognese, Don.
_tIllustrator's library.
001 data
999 _c766
_d766